| 000 | 00564nam a22001817a 4500 | ||
|---|---|---|---|
| 005 | 20251108174643.0 | ||
| 008 | 250721s2007 xx 000 0 ara d | ||
| 020 | _a9772876922 | ||
| 082 | 1 | 4 | _a005.133/عبد |
| 100 | 1 |
_aعبد الشافي، مصطفى _eمؤلف |
|
| 245 | 1 | 0 | _aاحترف Auto Cad 2007 بالأمثلة / |
| 264 | 1 |
_aالقاهرة : _bدار الكتب العلمية للنشر و التوزيع، _c2007. |
|
| 300 | _a368 ص. | ||
| 650 | 1 | 7 | _aبرامج الحاسوب |
| 650 | 1 | 7 | _aاتوكاد |
| 942 |
_2ddc _cBK |
||
| 999 |
_c114605 _d114605 |
||